00780nam a22002177a 4500999001900000005001700019020002600036035001300062037002200075082001100097100001800108245011600126250000800242260003900250270004400289300002200333700002200355700002000377942002500397952014000422 c182045d18204520221018165617.0 a9789390366347c900.00 aB-746026 bPrabhat Prakashan a954.04 aGurumurthy, S aDattopant Thengadi:cby S Gurumurthy ; Ed by Anirban ganguly , navin kalinganbThe activist parliamentarian / a1st aNew DelhibPrabhat Prakashanc2021 a4/19, Asaf Ali Road,bNew Delhie110002 a458p. c24cm(Hbk) aGanguly, Anirban aNavin Kalingan 2ddccENmGURh954.04 001040708NFICaLbLd2022-10-18e6.10.22/Giftg900.00l0o954.04 GURpB-746026r2022-10-18 00:00:00t1v900.00w2022-10-18yENzGift